Aký ekonomický rast je spojený s rastom mzdovej hladiny? bakalárska práca

Saved in:
Bibliographic Details
Main Author: Kráľovičová, Michaela
Corporate Author: Národohospodárska fakulta EU. Katedra hospodárskej politiky
Other Authors: Morvay, Karol, 1973-
Format: Book
Language:Slovak
Published: Bratislava 2015
Tags: Add Tag
No Tags, Be the first to tag this record!

MARC

LEADER 00000nbm a2200000 4500
001 0204938
005 20170525101115.8
041 0 |a slo 
044 |a SK 
245 1 0 |a Aký ekonomický rast je spojený s rastom mzdovej hladiny?  |b bakalárska práca  |c Michaela Kráľovičová ; školiteľ: Karol Morvay 
264 1 |a Bratislava  |c 2015 
300 |a 52 s. 
100 1 |a Kráľovičová, Michaela 
700 1 |a Morvay, Karol, 1973- 
710 2 |a Národohospodárska fakulta EU. Katedra hospodárskej politiky